000 00633nam a2200169Ia 4500
001 2452
003 GE_BSU
008 181216s||||||||xx |||||||||||||| ||und||
040 _cGE_BSU
245 _aსაქართველო და ქრისტიანული დასავლეთ ევროპის ურთიერთობა
260 _aბათუმი
260 _c2002
300 _a70 გვ.
541 _h3 ლ.
653 _aსაქართველო და ქრისტიანული დასავლეთ ევროპის ურთიერთობა
942 _cBK
999 _c36534
_d36534